000 00447nam a2200205Ia 4500
001 11759
003 GE_BSU
008 181216s||||||||xx |||||||||||||| ||und||
020 _a0099522608
040 _cGE_BSU
080 _a821.111-32
100 _aKelly,Sheelagh
245 _aFor My Brother's Sins
260 _aLondon
260 _bArrow Books
260 _c1986
300 _a640p.18cm.
653 _aFor My Brother's Sins
942 _cBK
999 _c44938
_d44938